| 000 | 02203nam a2200613 a 4500 | ||
|---|---|---|---|
| 005 | 20240503103914.0 | ||
| 008 | 100330t2012||||sp a f |||| 001 0 spa d | ||
| 020 | _a9788480869652 | ||
| 041 | _aspa | ||
| 092 |
_c611.8 _l25 _sFIT |
||
| 100 | 1 |
_aFitzgerald Turlough, M. J. _93700 |
|
| 245 |
_aNeuroanatomía clínica y Neurociencia / _cM. J. Fitzgerald Torlough |
||
| 250 |
_a6a ed. en español de la sexta edición original en inglés _bRevisión cientifica Victor Götzens Garcia |
||
| 260 |
_aBarcelona: _bElsevier ; Saunders; _c2012. |
||
| 300 |
_a418 p. _bil. |
||
| 500 | _aFitzgerald Turlough, M. J., Gruener, G. y Mtui, E. (Col.). (2012). Neuroanatomía clínica y neurociencia. (6a ed.). Barcelona : Elsevier ; Saunders. | ||
| 653 | _aEmbriología general | ||
| 653 | _aTopografía cerebral | ||
| 653 | _aMesencéfalo, rombencéfalo, médula espinal | ||
| 653 | _aMeninges | ||
| 653 | _aVascularización del encéfalo | ||
| 653 | _aNeuronas y neuroglía: visión general | ||
| 653 | _aAcontecimientos eléctricos | ||
| 653 | _aTransmisores y receptores | ||
| 653 | _aNervios periféricos | ||
| 653 | _aInervación de la piel | ||
| 653 | _aExamen electrodignóstico | ||
| 653 | _aSistema nrvioso autónomo y aferentes viscerales | ||
| 653 | _aRaices de los nervios | ||
| 653 | _aMédula espinal: vías ascendentes | ||
| 653 | _aMédula espinal: vías descendentes | ||
| 653 | _aTronco del encéfalo | ||
| 653 | 4 | _aLos cuatro nervios craneales inferiores | |
| 653 | _aNervio vestibular | ||
| 653 | _aNervio coclear | ||
| 653 | _aNervio trigémino | ||
| 653 | _aNervio facial | ||
| 653 | _aNervios motores del globo ocular | ||
| 653 | _aFormación reticular | ||
| 653 | _aCerebelo | ||
| 653 | _aHipotálamo | ||
| 653 | _aTálamo, epitálamo | ||
| 653 | _aVías ópticas | ||
| 653 | _aCorteza cerebral | ||
| 653 | _aElectroencefalografía | ||
| 653 | _aPotenciales evocados | ||
| 653 | _aAsimetrías de los hemisferios | ||
| 653 | _aNúcleos basales | ||
| 653 | _aSistemas olfatorio y límbico | ||
| 653 | _aEnfermedad cerebrovascular | ||
| 700 | 1 |
_aGruener, Gregory _93701 |
|
| 700 | 1 |
_aMtui, Estomih _93702 |
|
| 942 |
_2ddc _cBK _01 |
||
| 999 |
_c2137 _d2137 |
||